Kobe economic & business review (Record no. 691025)

MARC details
000 -LEADER
fixed length control field 00806nam a2200241Ia 4500
003 - CONTROL NUMBER IDENTIFIER
control field OSt
005 - DATE AND TIME OF LATEST TRANSACTION
control field 20220927105157.0
008 - FIXED-LENGTH DATA ELEMENTS--GENERAL INFORMATION
fixed length control field 220926b |||||||| |||| 00| 0 eng d
037 ## - SOURCE OF ACQUISITION
Terms of availability Reference Collections
040 ## - CATALOGING SOURCE
Original cataloging agency RTL
Transcribing agency RTL
Language of cataloging eng
041 ## - LANGUAGE CODE
Source of code eng
Language code of text/sound track or separate title eng
110 ## - MAIN ENTRY--CORPORATE NAME
Corporate name or jurisdiction name as entry element RESEARCH INSTITUTE FOR ECONOMICS AND BUSINESS ADMINISTRATION
9 (RLIN) 370694
245 #0 - TITLE STATEMENT
Title Kobe economic & business review
Remainder of title 33rd annual report.
260 ## - PUBLICATION, DISTRIBUTION, ETC.
Place of publication, distribution, etc. Japan
Name of publisher, distributor, etc. Kobe university
Date of publication, distribution, etc. 1988
300 ## - PHYSICAL DESCRIPTION
Extent 122p.
Dimensions cm.
700 ## - ADDED ENTRY--PERSONAL NAME
Personal name RESEARCH INSTITUTE FOR ECONOMICS AND BUSINESS ADMINISTRATION
9 (RLIN) 370695
942 ## - ADDED ENTRY ELEMENTS (KOHA)
Classification part "T4.42.d(X).N88r, M8/GD"
Koha item type
Holdings
Withdrawn status Lost status Damaged status Not for loan Home library Current library Date acquired Total Checkouts Full call number Barcode Date last seen Price effective from Koha item type
        Ratan Tata Library Ratan Tata Library 2022-09-27   "T4.42.d(X).N88r M8/GD" RT1083232 2022-09-27 2022-09-27  
Copyright @ Delhi University Library System